Rural habitat transformation in world frontiers (Record no. 658188)
[ view plain ]
| 000 -LEADER | |
|---|---|
| fixed length control field | 01057nam a2200265Ia 4500 |
| 003 - CONTROL NUMBER IDENTIFIER | |
| control field | OSt |
| 005 - DATE AND TIME OF LATEST TRANSACTION | |
| control field | 20220926033902.0 |
| 008 - FIXED-LENGTH DATA ELEMENTS--GENERAL INFORMATION | |
| fixed length control field | 220923b |||||||| |||| 00| 0 eng d |
| 037 ## - SOURCE OF ACQUISITION | |
| Terms of availability | General Book |
| 040 ## - CATALOGING SOURCE | |
| Original cataloging agency | RTL |
| Transcribing agency | RTL |
| Language of cataloging | eng |
| 041 ## - LANGUAGE CODE | |
| Source of code | eng |
| Language code of text/sound track or separate title | eng |
| 100 ## - MAIN ENTRY--PERSONAL NAME | |
| Personal name | Singh R L Ed. |
| 9 (RLIN) | 137014 |
| 245 #0 - TITLE STATEMENT | |
| Title | Rural habitat transformation in world frontiers |
| 260 ## - PUBLICATION, DISTRIBUTION, ETC. | |
| Place of publication, distribution, etc. | Varanasi |
| Name of publisher, distributor, etc. | National Geographical Society of India India |
| Date of publication, distribution, etc. | 1980 |
| 300 ## - PHYSICAL DESCRIPTION | |
| Extent | 596p |
| Dimensions | cm. |
| 490 ## - SERIES STATEMENT | |
| Series statement | International Centre For Rural Habitat Studies Publication. 4. National Geographical Society Of India, Research Publication 30. International Geographical Congress.24. International Geographical Union work group on transformation of rural habitat in developing countries |
| 500 ## - GENERAL NOTE | |
| General note | Bibliography Chapterwise |
| 650 ## - SUBJECT ADDED ENTRY--TOPICAL TERM | |
| Topical term or geographic name entry element | Rural Geography |
| 700 ## - ADDED ENTRY--PERSONAL NAME | |
| Personal name | Singh Rana P B Ed. |
| 9 (RLIN) | 236709 |
| 942 ## - ADDED ENTRY ELEMENTS (KOHA) | |
| Classification part | U44.1(X).N7, M0 |
| Koha item type | General Books |
| Source of classification or shelving scheme | Colon Classification (CC) |
| Withdrawn status | Lost status | Damaged status | Not for loan | Home library | Current library | Date acquired | Total Checkouts | Full call number | Barcode | Date last seen | Price effective from | Koha item type |
|---|---|---|---|---|---|---|---|---|---|---|---|---|
| Ratan Tata Library | Ratan Tata Library | 2022-09-26 | U44.1(X).N7 M0 | RT0718249 | 2022-09-26 | 2022-09-26 | General Books |
